Egyetemi díjat alapított Nobel-díjából Karikó Katalin

Elmentve itt :
Bibliográfiai részletek
További közreműködők: Karnok Csaba
Dokumentumtípus: Cikk
Megjelent: 2024-04-17
Sorozat:Délmagyarország 114 No. 89
Kulcsszavak:Volt egyetemi hallgató - Karikó Katalin - Nobel-díjas biokémikus - egyetemi tanár - Adjunct Professor of Neurosurgery, University of Pennsylvania - USA, Kutatás - mRNS-technológia, Szegedi látogatás, Ajándék - Nobel-érem hiteles másolata - Nobel-díjra járó pénzösszeg, Fendler Judit - SZTE kancellár, Rovó László - rektor, Megnyitó - Szabó Gábor - Szegedi Tudományegyetemért Alapítvány kuratóriumi elnöke, Kiállítás - állandó kiállítás - "Karikó Katalin útja az iskolapadtól a Nobel-díjig és tovább", Zárt rendezvény - ünnepi egyetemi ülés, Köszöntő - Fendler Judit - SZTE kancellár, Köszöntő - Rovó László - rektor, Szabó Gábor - Szegedi Tudományegyetemért Alapítvány kuratóriumi elnöke, Salgó László - főispán, Csongrád-Csanád Vármegyei Kormányhivatal, Botka László - polgármester, Egyetemi hallgatók, Középiskolai diákok, Verseny - SZTE Nobel-hetek Ötletverseny - eredményhirdetés, SZTE Junior Akadémia, SZTE Nemzetközi és Közkapcsolati Igazgatóság Kulturális Iroda - NKI, Együttműködés - SCUP Együtt a Tudományért Egyesület, József Attila Tanulmányi és Információs Központ - TIK
Online Access:http://univ.bibl.u-szeged.hu/69849
LEADER 01890nab a2200193 i 4500
001 univ69849
005 20240417145038.0
008 240417s2024 hu o 000 hun d
040 |a SZTE UnivHistória Repozitórium  |b hun 
041 |a hun 
245 0 0 |a Egyetemi díjat alapított Nobel-díjából Karikó Katalin  |h [elektronikus dokumentum] 
260 |c 2024-04-17 
300 |a 1-2 
490 0 |a Délmagyarország  |v 114 No. 89 
561 |a Karikó Katalin sajtóarchívum 
695 |a Volt egyetemi hallgató - Karikó Katalin - Nobel-díjas biokémikus - egyetemi tanár - Adjunct Professor of Neurosurgery, University of Pennsylvania - USA, Kutatás - mRNS-technológia, Szegedi látogatás, Ajándék - Nobel-érem hiteles másolata - Nobel-díjra járó pénzösszeg, Fendler Judit - SZTE kancellár, Rovó László - rektor, Megnyitó - Szabó Gábor - Szegedi Tudományegyetemért Alapítvány kuratóriumi elnöke, Kiállítás - állandó kiállítás - "Karikó Katalin útja az iskolapadtól a Nobel-díjig és tovább", Zárt rendezvény - ünnepi egyetemi ülés, Köszöntő - Fendler Judit - SZTE kancellár, Köszöntő - Rovó László - rektor, Szabó Gábor - Szegedi Tudományegyetemért Alapítvány kuratóriumi elnöke, Salgó László - főispán, Csongrád-Csanád Vármegyei Kormányhivatal, Botka László - polgármester, Egyetemi hallgatók, Középiskolai diákok, Verseny - SZTE Nobel-hetek Ötletverseny - eredményhirdetés, SZTE Junior Akadémia, SZTE Nemzetközi és Közkapcsolati Igazgatóság Kulturális Iroda - NKI, Együttműködés - SCUP Együtt a Tudományért Egyesület, József Attila Tanulmányi és Információs Központ - TIK 
700 0 1 |a Karnok Csaba 
856 4 0 |u http://univ.bibl.u-szeged.hu/69849/1/Egyetemi_dijat_imedias3.pdf  |z Dokumentum-elérés  
856 4 0 |u http://univ.bibl.u-szeged.hu/69849/2/Egyetemi_dijat_14199495.pdf  |z Dokumentum-elérés